[Event "XXIX Open"]
[Site "Barbera del Valles ESP"]
[Date "2006.07.05"]
[Round "1"]
[White "Epishin,V"]
[Black "Losada Cabrera,F"]
[Result "1-0"]
[WhiteElo "2565"]
[BlackElo "2199"]

1.d4 d5 2.c4 e6 3.Nc3 c6 4.e3 Nf6 5.Nf3 Bd6 6.g4 dxc4 7.g5 Nd5 8.Bxc4 Nd7
9.Bd2 O-O 10.Qc2 Re8 11.O-O-O a6 12.Kb1 Nb4 13.Qe4 b5 14.Be2 Bb7 15.Qh4 Nd5
16.Ne4 Be7 17.Rhg1 c5 18.Ne5 f5 19.gxf6 Bxf6 20.Qg3 N5b6 21.Nd6 Rb8 22.Nxe8 Qxe8
23.Ng4 Qg6+ 24.Ka1 Be7 25.Bd3 Qg5 26.e4  1-0

[Event "XXXII Open"]
[Site "Badalona ESP"]
[Date "2006.07.06"]
[Round "5"]
[White "Almeida,O"]
[Black "Cuartas,Ja"]
[Result "1/2-1/2"]
[WhiteElo "2475"]
[BlackElo "2466"]

1.d4 d5 2.Nf3 Nf6 3.c4 c6 4.Nc3 e6 5.e3 Nbd7 6.Qc2 a6 7.b3 Bd6 8.Be2 Qe7
9.Bb2 O-O 10.O-O Re8 11.Rad1 b6 12.e4 Nxe4 13.Nxe4 dxe4 14.Qxe4 Bb7 15.Bd3 f5
16.Qe2 c5 17.Rfe1 Rad8 18.d5 exd5 19.Qc2 Qf7 20.Bxf5 Nf8 21.cxd5 Bxd5 22.Ne5 Bxe5
23.Bxe5 c4 24.bxc4 Bxc4  1/2-1/2

[Event "35th TCh-GRE"]
[Site "Ermioni GRE"]
[Date "2006.07.06"]
[Round "4"]
[White "Botsari,A"]
[Black "Nikolaidi,E"]
[Result "1-0"]
[WhiteElo "2372"]
[BlackElo "1963"]

1.d4 d5 2.c4 e6 3.Nc3 c6 4.e3 Nf6 5.Nf3 Bd6 6.Bd3 O-O 7.O-O Nbd7 8.e4 dxe4
9.Nxe4 Nxe4 10.Bxe4 e5 11.dxe5 Nxe5 12.Nxe5 Bxe5 13.Bxh7+ Kxh7 14.Qh5+ Kg8
15.Qxe5 Re8 16.Qc3 Qd6 17.Bg5 Bf5 18.Rfe1 Qd3 19.Qb4 Qd7 20.Red1 Qc7 21.Rd6 Re2
22.c5 Rae8 23.h3 R2e4 24.Qc3 R4e6 25.Rad1 f6 26.Be3 Qf7 27.b3 Qg6 28.Bf4 Be4
29.Bg3 Bd5 30.Kh2 Qe4 31.f3 Qf5 32.Rxe6 Rxe6 33.Qd2 Re8 34.Re1 Rxe1 35.Bxe1 Qe6
36.Bg3 Qe7 37.Qf2 Kf7 38.Bb8 a6 39.Bd6 Qe6 40.Qd2 Qf5 41.Qb4 Qc2 42.Qxb7+ Kg6
43.Bf8  1-0

[Event "XXXII Open"]
[Site "Badalona ESP"]
[Date "2006.07.07"]
[Round "6"]
[White "Peralta,Fe"]
[Black "Alsina Leal,D"]
[Result "1/2-1/2"]
[WhiteElo "2546"]
[BlackElo "2428"]

1.d4 d5 2.c4 c6 3.Nf3 Nf6 4.Nc3 e6 5.e3 Nbd7 6.Bd3 dxc4 7.Bxc4 b5 8.Bd3 a6
9.e4 c5 10.d5 c4 11.Bc2 Qc7 12.O-O Bb7 13.Bg5 O-O-O 14.b3 Bb4 15.Bd2 exd5
16.Nxd5 Nxd5 17.exd5 Bxd2 18.Nxd2 c3 19.Ne4 Nf6 20.Nxf6 gxf6 21.Be4 Qe5 22.Qc2 Bxd5
23.Bxd5 Rxd5 24.Rfe1 Rd2 25.Qxd2 cxd2 26.Rxe5 fxe5 27.Kf1 Kc7 28.Ke2 Rd8
29.Rd1 Kc6 30.Rxd2 Rxd2+ 31.Kxd2 Kc5 32.Kc3 e4 33.g4 b4+ 34.Kd2 Kd4 35.g5 Ke5
36.Ke3 Kf5 37.h4 Kg4 38.Kxe4 Kxh4 39.Kf5 Kh5 40.f4 Kh4 41.Kf6 Kg3 42.Ke5  1/2-1/2

[Event "35th TCh-GRE"]
[Site "Ermioni GRE"]
[Date "2006.07.07"]
[Round "6"]
[White "Kharitonov,Alexandr"]
[Black "Svetushkin,D"]
[Result "1/2-1/2"]
[WhiteElo "2514"]
[BlackElo "2569"]

1.d4 d5 2.c4 c6 3.Nc3 Nf6 4.e3 e6 5.Nf3 a6 6.b3 Bb4 7.Bd2 Nbd7 8.Bd3 O-O
9.O-O Bd6 10.Qc2 h6 11.Rad1 e5 12.cxd5 cxd5 13.dxe5 Nxe5 14.Nxe5 Bxe5 15.Ne2 Bg4
16.f3 Rc8 17.Qb1 Be6 18.Rc1 Rxc1 19.Rxc1 Qb8 20.f4 Bc7 21.Bc3 Bb6 22.Bd4 Bxd4
23.Nxd4 Bd7 24.h3 Re8 25.Re1 Qc7 26.Qb2 Qa5 27.Kf2 Rc8 28.Bb1 Qc5 29.Ne2 Qe7
30.Nd4 Qd6 31.Rc1 Rxc1 32.Qxc1  1/2-1/2

[Event "XXXII Open"]
[Site "Badalona ESP"]
[Date "2006.07.08"]
[Round "7"]
[White "De Jong,JW"]
[Black "Vera,R"]
[Result "1/2-1/2"]
[WhiteElo "2409"]
[BlackElo "2510"]

1.d4 d5 2.c4 e6 3.Nc3 c6 4.e3 Nf6 5.Nf3 a6 6.b3 Bb4 7.Bd2 Nbd7 8.Bd3 O-O
9.O-O Bd6 10.e4 dxc4 11.bxc4 e5 12.c5 Bc7 13.Na4 h6 14.Rb1 Re8 15.h3 exd4
16.Re1 Rb8 17.Rb4 Qe7 18.e5 Nd5 19.Rxd4 Nxe5 20.Nxe5 Bxe5 21.Rde4 Qf6 22.Qh5 Bf5
23.Rxe5 Rxe5 24.Rxe5 Bxd3 25.Re1 Bf5 26.Qe2 Be6 27.Bc1 Rd8 28.Bb2 Qg6 29.Qe4 Bf5
30.Qh4 f6 31.Nb6 Re8 32.Rxe8+ Qxe8 33.Nxd5 cxd5 34.Qd4 Kh7 35.Kh2 Qe2 36.f3 Bg6
37.a3 Be8 38.Bc3 Qa2 39.Bb2 Bb5 40.Qd2 Qb3 41.Kg1 Qc4 42.Bd4 a5 43.Kh2 a4
44.Kg1 Kg8 45.Kh2 Kf7 46.Qe3 Qc2 47.Kg1 Qd1+ 48.Kh2 Bf1 49.Kg1 Bd3+ 50.Kh2 Qb3
51.Qc1 Bc2 52.Qe3 Qxe3 53.Bxe3 Ke6 54.Kg3 Ke5 55.Kf2 d4 56.Bd2 Kd5 57.Bb4 Kc4
58.Ke2 Bd3+ 59.Ke1 Kb3 60.h4 Kc2 61.Bd2 Bb5 62.g3 Bc6 63.f4 h5 64.Ba5 Bd7
65.Bb4 Bg4 66.Ba5 Kd3 67.Kf2 Ke4 68.Bb4 Bd7 69.Ba5 Bb5 70.Bb4 Kd5 71.Ke1 Bd7
72.Kf2 Kc4 73.Ke2 Bg4+ 74.Kd2 Bf5 75.Ke2 Kd5 76.Kf2 Bg4 77.Ke1 Ke4 78.Kf2 Kd3
79.Ba5 Kc2 80.Ke1 d3 81.Bb4 Bd7 82.Bd2 Kb3 83.Bb4 Bg4 84.Kd2 Be2 85.Ke3 Kc2
86.Ba5 Bg4 87.Be1 Bf5 88.Ba5 Kb3 89.Bb4 Kc4 90.Ba5 Kxc5 91.Be1 Kc4 92.Bb4 b6
93.Be1 Kb3 94.Bb4 Kc4 95.Bd2 Bg6 96.Be1 Kd5 97.Bb4 Ke6 98.Bc3 Kf5 99.Bb4 Kg4
100.Kf2 Be4 101.Bc3 b5 102.Bb4 Kf5  1/2-1/2

[Event "II Balazs-Diak Cup U-18"]
[Site "Balatonlelle HUN"]
[Date "2006.07.08"]
[Round "8"]
[White "Rombaldoni,D"]
[Black "Banusz,T"]
[Result "1-0"]
[WhiteElo "2322"]
[BlackElo "2460"]

1.d4 d5 2.c4 c6 3.Nf3 Nf6 4.Nc3 e6 5.e3 a6 6.b3 Bb4 7.Bd2 Nbd7 8.Qc2 Qe7
9.Bd3 O-O 10.O-O h6 11.e4 dxc4 12.bxc4 e5 13.d5 Bd6 14.Na4 Nc5 15.Bb4 Nfd7
16.Nxc5 Nxc5 17.Bxc5 Bxc5 18.h3 a5 19.Rab1 Re8 20.Nd2 a4 21.Kh1 Qc7 22.Qd1 Qa5
23.Qc2 Ra7 24.Nf3 Bd7 25.Rfe1 f6 26.Nh4 Bd4 27.Rf1 b6 28.Be2 Qc5 29.Bh5 Rc8
30.Rbc1 b5 31.cxb5 cxb5 32.Qd2 Bc3 33.Qd1 b4 34.Bg4 Qd6 35.Nf5 Qf8 36.d6 Rd8
37.Ne7+ Kh7 38.a3 Be8 39.Qd5 Rxe7 40.dxe7 Qxe7 41.Qa5 h5 42.Bf3 Bd2 43.Rcd1 Rd4
44.axb4 Qxb4 45.Qa8 Qe7 46.Rb1 Rd8 47.Qa6 Rd6 48.Qe2 Bc3 49.Rfc1 Bd4 50.Bxh5 g6
51.Bf3 a3 52.Rb8 Bf7 53.Ra8 Rb6 54.Rcc8 Rb2 55.Qa6 a2 56.Rh8+ Kg7 57.Qc8 f5
58.Rh7+ Kf6 59.Qh8+ Ke6 60.exf5+ Kd6 61.Qc8 Rb1+ 62.Kh2 Rb6 63.f6 Qxf6 64.Qf8+ Ke6
65.Rxf7  1-0

[Event "REDA IM"]
[Site "Brno CZE"]
[Date "2006.07.08"]
[Round "10"]
[White "Porat,Dav"]
[Black "Kozak,Mi"]
[Result "1/2-1/2"]
[WhiteElo "2206"]
[BlackElo "2230"]

1.d4 d5 2.c4 c6 3.Nf3 Nf6 4.Nc3 e6 5.e3 Nbd7 6.Bd3 dxc4 7.Bxc4 b5 8.Bd3 Bb7
9.O-O a6 10.e4 c5 11.d5 c4 12.Bc2 Qc7 13.dxe6 fxe6 14.Ng5 Nc5 15.e5 Qxe5
16.Re1 Qd6 17.Qxd6 Bxd6 18.Nxe6 Nxe6 19.Rxe6+ Be7 20.Bg5 Kf7 21.Rb6 Rae8
22.Re1 Bc5  1/2-1/2

[Event "FSIM July"]
[Site "Budapest HUN"]
[Date "2006.07.08"]
[Round "8"]
[White "Galyas,M"]
[Black "Arngrimsson,D"]
[Result "1-0"]
[WhiteElo "2390"]
[BlackElo "2327"]

1.d4 d5 2.c4 c6 3.Nc3 Nf6 4.e3 e6 5.Nf3 Nbd7 6.Qc2 Bd6 7.b3 O-O 8.Be2 Qe7
9.O-O dxc4 10.bxc4 e5 11.Rd1 Re8 12.a4 e4 13.Nd2 Nf8 14.Qa2 Qc7 15.Nf1 Ng4
16.Ng3 Bxg3 17.fxg3 Nxh2 18.Kxh2 Re6 19.Bg4 Rh6+ 20.Bh3 g5 21.Nxe4 g4 22.Nf2 gxh3
23.e4 Rg6 24.Bf4 Qe7 25.gxh3 Ne6 26.Qa3 Qf6 27.Qd6 Nxf4 28.Qxf4 Qe7 29.e5 b6
30.d5 Ba6 31.d6 Qe6 32.a5 bxa5 33.Ne4 Qxc4 34.Nf6+ Kg7 35.Qxc4 Bxc4 36.Rac1 Bb5
37.Ne4 Be2 38.Rd4 Bf3 39.Nc5 Rd8 40.Ra1 Rg5 41.d7 Rxe5 42.Nb7 Re4 43.Rxe4  1-0

[Event "FSGM July"]
[Site "Budapest HUN"]
[Date "2006.07.08"]
[Round "8"]
[White "Le Quang,K"]
[Black "Werner,Di"]
[Result "0-1"]
[WhiteElo "2315"]
[BlackElo "2315"]

1.d4 d5 2.c4 c6 3.Nf3 Nf6 4.e3 e6 5.Nc3 Nbd7 6.Bd3 dxc4 7.Bxc4 b5 8.Bd3 Bb7
9.e4 b4 10.Na4 c5 11.e5 Nd5 12.Nxc5 Nxc5 13.dxc5 Bxc5 14.O-O h6 15.Nd2 O-O
16.Ne4 Bd4 17.Nd6 Bc6 18.Bh7+ Kxh7 19.Qxd4 f6 20.Bd2 fxe5 21.Qe4+ Kg8 22.Qxe5 Qd7
23.Rfe1 Rad8 24.Ne4 Rf5 25.Qd4 Nf4 26.Qxd7 Rxd7 27.Bxf4 Rxf4 28.Ng3 Rd2 29.Re2 Rxe2
30.Nxe2 Re4 31.Ng3 Rc4 32.Nf1 Rc2 33.b3 Bb5 34.Ne3 Rb2 35.h4 a5 36.Ng4 Kf8
37.Ne5 Ke7 38.a4 Be8 39.Nc4 Rxb3 40.Nxa5 Ra3 41.Rb1 Rxa4 42.Nb7 Bg6 43.Rb2 Ra1+
44.Kh2 Rb1 45.Rd2 Be4 46.Nd6 Bd5 47.Nf5+ Kf6 48.Ne3 Ke5 49.h5 b3 50.Kg3 Rc1
51.f3 Re1 52.Nd1 Kd6 53.Nb2 Re5 54.Nd3 Rxh5 55.Nf4 Rg5+ 56.Kf2 Kc5 57.Ke3 Re5+
58.Kd3 Bc4+ 59.Kc3 Re3+ 60.Kb2 g5 61.Nh5 Re2 62.Rxe2 Bxe2 63.Kxb3 Kd4 64.Nf6 Bf1
65.g4 Ke3 66.Ng8 Kxf3 67.Nxh6 e5 68.Nf7 Kf4 69.Kc3 Be2 70.Kd2 Bxg4 71.Nd6 Be6
72.Nb5 g4 73.Ke1 g3 74.Nc3 Bc4 75.Nb1 e4 76.Nd2 e3  0-1

[Event "35th TCh-GRE"]
[Site "Ermioni GRE"]
[Date "2006.07.08"]
[Round "7"]
[White "Dalaklis,G"]
[Black "Kharitonov,Alexandr"]
[Result "1/2-1/2"]
[WhiteElo "2178"]
[BlackElo "2514"]

1.c4 e6 2.Nc3 d5 3.d4 c6 4.e3 Nf6 5.Nf3 Nbd7 6.Bd2 Bd6 7.Bd3 dxc4 8.Bxc4 b5
9.Bd3 O-O 10.Rc1 Bb7 11.O-O a6 12.Ne4 Nxe4 13.Bxe4 Rc8 14.b4 Qe7 15.Qb3 e5
16.Qb1 g6 17.dxe5 Nxe5 18.Nxe5 Qxe5 19.g3 Rfe8 20.Bg2 Qe7 21.Bc3 c5 22.Bxb7 Qxb7
23.bxc5 Rxc5 24.Rfd1 Be5 25.Bxe5 Rcxe5 26.Qd3 h5 27.Qd7 Qf3 28.Rd4 Kg7 29.Rc7 Rf5
30.Rf4 Rxf4 31.gxf4 Rf8 32.Ra7 Qe4 33.Rxa6 Qb1+ 34.Kg2 Qe4+ 35.Kg1 Qb1+ 36.Kg2  1/2-1/2

[Event "XXIV Andorra Open"]
[Site "Andorra la Vella AND"]
[Date "2006.07.09"]
[Round "2"]
[White "Peralta,Fe"]
[Black "Bhat,V"]
[Result "1-0"]
[WhiteElo "2546"]
[BlackElo "2409"]

1.d4 d5 2.c4 e6 3.Nc3 c6 4.e3 Nf6 5.Nf3 a6 6.Bd2 Nbd7 7.c5 e5 8.dxe5 Ng4
9.Na4 Ngxe5 10.Nxe5 Nxe5 11.Bc3 Qe7 12.Nb6 Rb8 13.Nxc8 Rxc8 14.b4 f6 15.f4 Nf7
16.Kf2 g6 17.Qd4 Bg7 18.e4 O-O 19.exd5 cxd5 20.g3 Rcd8 21.Bg2 Ne5 22.Rhe1 Qc7
23.Bxd5+ Kh8 24.Rad1 Ng4+ 25.Kg1 Rd7 26.Qe4 f5 27.Bxg7+ Kxg7 28.Qf3 Rfd8
29.Qc3+ Kh6 30.Bf3 Rxd1 31.Rxd1 Rxd1+ 32.Bxd1 Qd8 33.Bf3 Nf6 34.Qe5 Ne4 35.g4  1-0

[Event "XXIV Andorra Open"]
[Site "Andorra la Vella AND"]
[Date "2006.07.09"]
[Round "2"]
[White "Pogorelov,R"]
[Black "Vera,R"]
[Result "0-1"]
[WhiteElo "2395"]
[BlackElo "2510"]

1.c4 e6 2.Nc3 d5 3.d4 c6 4.Nf3 Nf6 5.e3 Nbd7 6.Bd3 dxc4 7.Bxc4 b5 8.Bd3 Bb7
9.O-O b4 10.Ne4 Nxe4 11.Bxe4 Bd6 12.a3 bxa3 13.b3 Nf6 14.Bd3 c5 15.dxc5 Bxc5
16.Bb5+ Ke7 17.Bxa3 Bxa3 18.Qxd8+ Rhxd8 19.Rxa3 a6 20.Bc4 Rd6 21.Rfa1 Rb6
22.Nd4 Ne8 23.f3 Nd6 24.Bd3 e5 25.Nf5+ Nxf5 26.Bxf5 Rd8 27.Rc1 g6 28.Bb1 Rd2
29.Ra2 Rxa2 30.Bxa2 Bd5 31.Kf2 Be6 32.Rc7+ Kd6 33.Ra7 Bd5 34.Bb1 Kc5 35.Be4 Bxe4
36.fxe4 Rxb3 37.Rxf7 Kb4 38.Ra7 a5 39.Ke2 Rb2+  0-1

[Event "3rd South Wales Int"]
[Site "Caerleon WLS"]
[Date "2006.07.09"]
[Round "2"]
[White "Dobrov,V"]
[Black "Allicock,R"]
[Result "1-0"]
[WhiteElo "2493"]
[BlackElo "2308"]

1.d4 d5 2.c4 c6 3.Nc3 Nf6 4.e3 e6 5.Nf3 Nbd7 6.Qc2 Bd6 7.g4 Nxg4 8.Rg1 Nh6
9.e4 dxe4 10.Nxe4 Bb4+ 11.Bd2 Bxd2+ 12.Qxd2 Nf5 13.Bh3 Nf6 14.Bxf5 exf5 15.Nxf6+ Qxf6
16.O-O-O O-O 17.Qf4 Be6 18.Ne5 b5 19.d5 cxd5 20.cxd5 Rac8+ 21.Kb1 Rc5 22.Qe3 Rfc8
23.Nc6 R5xc6 24.dxc6 Rxc6 25.Qe5 Kf8 26.Qxf6 gxf6 27.Rc1 Ra6 28.b3 Rb6 29.Rgd1 Kg7
30.Rd4 a5 31.Kb2 h5 32.Rd8 a4 33.Rg1+ Kh7 34.Rgg8 f4 35.f3 Kh6 36.h4 Bf5
37.Rd4 axb3 38.axb3 Re6 39.Rxf4 Bd3 40.Kc3 Be2 41.Kd2 Bf1 42.Rg1 Rd6+ 43.Kc3 Be2
44.Kb4 Bd1 45.Kc5 Rd3 46.Rxf6+ Kh7 47.Rxf7+ Kh8 48.Rf6 Kh7 49.Rxd1 Rxd1 50.Rf4 Rd8
51.Kxb5 Rb8+ 52.Kc4 Rc8+ 53.Kd3 Kg6 54.b4 Rc1 55.Kd4 Rc2 56.b5 Rc1 57.Kd5 Rb1
58.Kc6 Rc1+ 59.Kb7 Rc2 60.b6 Rc1 61.Kb8  1-0

[Event "3rd South Wales Int"]
[Site "Caerleon WLS"]
[Date "2006.07.09"]
[Round "3"]
[White "Barsov,A"]
[Black "Dobrov,V"]
[Result "1/2-1/2"]
[WhiteElo "2546"]
[BlackElo "2493"]

1.d4 d5 2.Nf3 Nf6 3.c4 e6 4.Nc3 c6 5.e3 a6 6.b3 Bb4 7.Bd2 Nbd7 8.Bd3 O-O
9.O-O Bd6 10.Qc2 e5 11.cxd5 cxd5 12.e4  1/2-1/2

[Event "ch-SWE"]
[Site "Gothenburg SWE"]
[Date "2006.07.09"]
[Round "8"]
[White "Eriksson,Joh"]
[Black "Hector,J"]
[Result "1/2-1/2"]
[WhiteElo "2403"]
[BlackElo "2508"]

1.d4 d5 2.c4 c6 3.Nc3 Nf6 4.e3 e6 5.Nf3 Nbd7 6.Bd3 dxc4 7.Bxc4 b5 8.Bd3 a6
9.e4 c5 10.e5 cxd4 11.Nxb5 Ng4 12.Qa4 Bb7 13.Nbxd4 Qb6 14.O-O Bc5 15.h3 Bxf3
16.hxg4 Bd5 17.Nb3 O-O 18.Qxd7 Bxb3 19.Bxh7+ Kxh7 20.Qd3+ Kg8 21.Qxb3 Qxb3
22.axb3 Rfb8 23.Bd2 Rxb3 24.Bc3 Bb4 25.Bxb4 Rxb4 26.Ra2 Rxg4 27.Rfa1 Rb8
28.Rxa6 Rxb2 29.R6a2 Rbb4 30.Re2 g5 31.g3 Rgc4 32.Rae1 Kg7 33.Kg2 Kg6 34.f3 Rc3
35.g4 Rbb3 36.Rf2 Re3 37.Ree2 Rbc3 38.Kg3 Red3 39.Kg2 Rc1 40.Rc2 Rcd1 41.f4 gxf4
42.Rxf4 Rd7 43.Rf6+ Kg7 44.g5 R1d4 45.Kf3 Rd3+ 46.Kg2 Re3 47.g6 Rxe5 48.Rxf7+ Rxf7
49.gxf7 Kxf7 50.Kf3 Kf6 51.Rc4 Rh5 52.Ke2 Kf5 53.Ra4 Rh2+ 54.Ke1 Ke5 55.Ra3 Rc2
56.Rb3 Kd4 57.Rh3 e5 58.Rh4+ Kd3 59.Rh3+ Kd4 60.Rh4+ e4 61.Rh3 Ra2 62.Rg3 Ra1+
63.Ke2 Rc1 64.Rh3 Ra1 65.Rg3 Ra2+ 66.Ke1 e3 67.Rg8 Ra1+  1/2-1/2

[Event "5th Open"]
[Site "La Fere FRA"]
[Date "2006.07.09"]
[Round "2"]
[White "Delmotte,E"]
[Black "Deneuville,L"]
[Result "1-0"]
[WhiteElo "1861"]
[BlackElo "2009"]

1.d4 Nf6 2.Nf3 d5 3.c4 c6 4.Nc3 e6 5.e3 Bd6 6.Qc2 Nbd7 7.a3 O-O 8.Bd3 dxc4
9.Bxc4 e5 10.O-O Qc7 11.dxe5 Nxe5 12.Nxe5 Bxe5 13.f4 Bd6 14.b4 b5 15.Ba2 Qb6
16.Kh1 Re8 17.Bd2 Be6 18.Bxe6 Rxe6 19.e4 Bc7 20.e5 Ng4 21.Ne4 Rh6 22.h3 Ne3
23.Bxe3 Qxe3 24.Rf3 Qb6 25.Rd1 Rd8 26.Rfd3 Re6 27.Ng5 Rxd3 28.Qxd3  1-0

[Event "Open A"]
[Site "Oberwart AUT"]
[Date "2006.07.09"]
[Round "2"]
[White "Hera,I"]
[Black "Stanetzek,C"]
[Result "1-0"]
[WhiteElo "2504"]
[BlackElo "2250"]

1.Nf3 d5 2.c4 c6 3.d4 Nf6 4.Nc3 e6 5.e3 Nbd7 6.Qc2 Bd6 7.b3 O-O 8.Be2 Qe7
9.O-O a6 10.c5 Bc7 11.e4 e5 12.exd5 cxd5 13.Bg5 Qe6 14.dxe5 Bxe5 15.Bd3 Bxc3
16.Qxc3 Ne4 17.Bxe4 dxe4 18.Nd2 Qd5 19.Be3 Ne5 20.Bd4 Re8 21.Rfe1 Bf5 22.Nc4 Nd3
23.Nb6 Qc6 24.Nxa8 Nxe1 25.Rxe1 Rxa8 26.Bxg7 Rd8 27.Bf6  1-0

[Event "XXXII Open"]
[Site "Badalona ESP"]
[Date "2006.07.10"]
[Round "9"]
[White "Sundararajan,K"]
[Black "Vera,R"]
[Result "1/2-1/2"]
[WhiteElo "2472"]
[BlackElo "2510"]

1.d4 d5 2.c4 c6 3.Nc3 Nf6 4.e3 e6 5.Nf3 Nbd7 6.Bd3 dxc4 7.Bxc4 b5 8.Bd3 Bb7
9.e4 b4 10.Na4 c5 11.e5 Nd5 12.dxc5 Bxc5 13.Nxc5 Nxc5 14.Bb5+ Kf8 15.O-O h6
16.Qd4 Rc8 17.Rd1 Qb6 18.Be2 g6 19.h4 Kg7 20.h5 g5 21.Nxg5 hxg5 22.Bxg5 Rcg8
23.Rac1 Nd7 24.Qh4 Nxe5 25.Qg3 f6 26.Be3+ Kf7 27.Qxg8+ Rxg8 28.Bxb6 axb6
29.f4 Nd7 30.Bf3 Ke7 31.Kf2 f5 32.g3 N7f6 33.h6 Rh8 34.Rh1 Kf7 35.Rh4 Kg6
36.Re1 Bc8 37.a3 Rxh6 38.Rxh6+ Kxh6 39.Rc1 Bd7 40.Bxd5 Nxd5 41.axb4 Nxb4
42.Rc7 Bc6 43.Re7 Bd5 44.Ke3 Kg6 45.Re8 Nc6 46.Rc8 Kf6 47.Rg8 b5 48.g4 fxg4
49.Rxg4 b4 50.Rg8 b3 51.Rf8+ Ke7 52.Rh8 Na5 53.Kd4 Nc4 54.Kc3 Ne3 55.Kd4 Nf5+
56.Ke5 Nd6 57.Rh7+ Nf7+ 58.Rxf7+ Kxf7 59.f5 Bf3 60.fxe6+ Ke7 61.Kd4 Kxe6
62.Kc3 Bd1 63.Kd2 Bc2 64.Kc1 Kd5 65.Kd2 Kd4 66.Kc1 Kd3  1/2-1/2

[Event "Open"]
[Site "Condom FRA"]
[Date "2006.07.10"]
[Round "4"]
[White "Woloszyn,P"]
[Black "Saada,J"]
[Result "0-1"]
[WhiteElo "1989"]
[BlackElo "2257"]

1.d4 d5 2.c4 e6 3.Nc3 Nf6 4.Nf3 c6 5.e3 Nbd7 6.Qc2 Bd6 7.Bd2 O-O 8.O-O-O Qe7
9.e4 dxe4 10.Nxe4 Nxe4 11.Qxe4 e5 12.dxe5 Nxe5 13.Nxe5 Qxe5 14.Qxe5 Bxe5
15.Bd3 Bd4 16.f3 Be6 17.Bf4 Rfd8 18.Rhe1 Rd7 19.Bf1 Rad8 20.Be2 h6 21.g4 a6
22.Kb1 b5 23.cxb5 axb5 24.Rc1 Bd5 25.Red1 Bf6 26.Bg3 Re7 27.Bd3 Ra8  0-1

[Event "Open"]
[Site "Kavala GRE"]
[Date "2006.07.10"]
[Round "8"]
[White "Jankovic,A"]
[Black "Sriram,J"]
[Result "1-0"]
[WhiteElo "2525"]
[BlackElo "2408"]

1.d4 d5 2.c4 c6 3.Nc3 Nf6 4.e3 e6 5.Nf3 Nbd7 6.Qc2 Bd6 7.g4 h6 8.Bd2 dxc4
9.Bxc4 b5 10.Be2 Bb7 11.e4 b4 12.Na4 Be7 13.g5 hxg5 14.Nxg5 Rc8 15.e5 Nd5
16.Nxe6 fxe6 17.Qg6+ Kf8 18.Rg1 Bf6 19.exf6 Qxf6 20.Qg3 e5 21.dxe5 Qxe5 22.Nc5 Qxg3
23.Nxd7+ Ke8 24.Rxg3 Kxd7 25.Rxg7+ Kd6 26.Rxb7 Rxh2 27.O-O-O Rxf2 28.Ba6 Kc5
29.Rxb4 Rh8 30.Rb7 Rhh2 31.Be3+  1-0

[Event "XXIV Andorra Open"]
[Site "Andorra la Vella AND"]
[Date "2006.07.11"]
[Round "4"]
[White "Peralta,Fe"]
[Black "Vera,R"]
[Result "1/2-1/2"]
[WhiteElo "2546"]
[BlackElo "2510"]

1.d4 d5 2.c4 e6 3.Nc3 c6 4.Nf3 Nf6 5.e3 Nbd7 6.Bd3 dxc4 7.Bxc4 b5 8.Bd3 a6
9.e4 c5 10.d5 c4 11.Bc2 Qc7 12.O-O Bc5 13.dxe6 fxe6 14.Qe2 Ne5 15.Nxe5 Qxe5
16.Kh1 Bb7 17.f4 Qh5 18.Qxh5+ Nxh5 19.e5 O-O-O 20.Ne4 Bxe4 21.Bxe4 Rd4 22.Bc2 g6
23.Be3 Rd5 24.Bxc5 Rxc5 25.g4 Ng7 26.Rad1 Rd8 27.Be4 b4 28.Kg2 c3 29.Rxd8+ Kxd8
30.Rd1+ Ke7 31.bxc3 Rxc3 32.Rd6 Ra3 33.Rb6  1/2-1/2

[Event "Open"]
[Site "Kavala GRE"]
[Date "2006.07.11"]
[Round "9"]
[White "Drozdovskij,Y"]
[Black "Kotanjian,T"]
[Result "1-0"]
[WhiteElo "2552"]
[BlackElo "2515"]

1.d4 d5 2.c4 e6 3.Nf3 Nf6 4.Nc3 c6 5.e3 Nbd7 6.Qc2 Bd6 7.Bd3 O-O 8.O-O dxc4
9.Bxc4 Qe7 10.Ne2 c5 11.e4 cxd4 12.Nexd4 h6 13.h3 Rd8 14.Be3 Ne5 15.Nxe5 Bxe5
16.Nf3 Bb8 17.e5 Nd5 18.Bxd5 exd5 19.Rac1 Be6 20.Rfe1 Qd7 21.Bd4 a5 22.Bb6 Re8
23.Nd4 Ra6 24.Qb3 a4 25.Qb4 Bf5 26.Nxf5 Qxf5 27.f4 Kh7 28.Kh1 g5 29.fxg5 Bxe5
30.Rf1 Qxg5 31.Rxf7+ Kh8 32.Re1 Kg8 33.Rf3 Re7 34.Bd8 Rg6 35.g4 Rge6 36.Bxe7 Rxe7
37.Qc5 Kh7 38.Qxd5 Bg7 39.Qd3+ Kh8 40.Qd8+  1-0

[Event "25th Open"]
[Site "St Veit AUT"]
[Date "2006.07.11"]
[Round "4"]
[White "Pilaj,H"]
[Black "Staberhofer,R"]
[Result "1/2-1/2"]
[WhiteElo "2380"]
[BlackElo "2205"]

1.d4 d5 2.Nf3 e6 3.c4 Nf6 4.Nc3 c6 5.e3 Be7 6.Bd3 dxc4 7.Bxc4 b5 8.Bd3 a6
9.e4 c5 10.dxc5 Bxc5 11.e5 Nd5 12.a4 Bb4 13.O-O Nxc3 14.bxc3 Bxc3 15.Bg5 Qc7
16.Be4 Bxa1 17.Bxa8 Bc3  1/2-1/2

[Event "25th Open"]
[Site "St Veit AUT"]
[Date "2006.07.11"]
[Round "4"]
[White "Farago,I"]
[Black "Mazi,L"]
[Result "1-0"]
[WhiteElo "2513"]
[BlackElo "2350"]

1.d4 d5 2.c4 e6 3.Nf3 Nf6 4.Nc3 c6 5.e3 Nbd7 6.Qc2 Be7 7.b3 O-O 8.Bd3 Re8
9.O-O b6 10.Bb2 Bb7 11.Rad1 Rc8 12.Qe2 Qc7 13.Ne5 dxc4 14.bxc4 Nxe5 15.dxe5 Qxe5
16.Nd5 Qb8 17.Nxe7+ Rxe7 18.Bxf6 gxf6 19.Qg4+ Kf8 20.Bxh7 Rec7 21.h4 c5 22.h5 Ke7
23.Qg3 Rd7 24.Rxd7+ Kxd7 25.Qg7 Ke7 26.Bg6 Rf8 27.h6 Qe8 28.h7 Rh8 29.Bc2 Qf8
30.Qg3 Qb8 31.f4 Qf8 32.Rd1 Bc6 33.Qe1 f5 34.Qc3 Rxh7 35.Qe5 Qc8 36.Bxf5 Rh5
37.Qd6+ Kf6 38.Bg4 Rh7 39.e4 Kg7 40.f5 Qe8 41.fxe6 Ba4 42.Rd3  1-0

[Event "6th TCh-Euro u18"]
[Site "Balatonlelle HUN"]
[Date "2006.07.12"]
[Round "1"]
[White "Rozum,I"]
[Black "Osborne,S"]
[Result "1-0"]
[WhiteElo "2317"]
[BlackElo "1932"]

1.d4 d5 2.c4 c6 3.Nc3 Nf6 4.e3 e6 5.Nf3 Nbd7 6.Qc2 Bd6 7.b3 O-O 8.Be2 Re8
9.O-O b6 10.e4 dxe4 11.Nxe4 Nxe4 12.Qxe4 Bb7 13.Bb2 Nf6 14.Qc2 c5 15.Rad1 Qc7
16.Rfe1 Be4 17.Qc1 cxd4 18.Nxd4 Rad8 19.Qg5 h6 20.Qh4 Qb7 21.Bf3 Bxf3 22.Nxf3 Be7
23.Qf4 Rxd1 24.Rxd1 Rd8 25.Rxd8+ Bxd8 26.Ne5 Bc7 27.Qd4 Qe4 28.Qxe4 Nxe4
29.Nc6 a5 30.Bd4 Kf8 31.f3 Nc5 32.Nxa5 e5 33.Bxc5+ bxc5 34.Nc6 Ke8 35.Kf2 Kd7
36.Na7 f5 37.Ke3 h5 38.g3 g5 39.Nb5 Ba5 40.h3 Ke6 41.g4 hxg4 42.hxg4 fxg4
43.fxg4 Kd7 44.Ke4 Ke6 45.Na3 Bd2 46.Nc2 Kd6 47.Ne3 Ke6 48.Nd1 Bb4 49.Nf2 Bc3
50.Nd3 Kd6 51.Kf3 Bd4 52.a4 Bc3  1-0

[Event "5th Open"]
[Site "La Fere FRA"]
[Date "2006.07.12"]
[Round "7"]
[White "Dumitrache,D"]
[Black "Grigorov,G"]
[Result "1/2-1/2"]
[WhiteElo "2451"]
[BlackElo "2425"]

1.d4 Nf6 2.c4 e6 3.Nf3 d5 4.Nc3 c6 5.e3 Nbd7 6.Qc2 Bd6 7.b3 O-O 8.Be2 dxc4
9.bxc4 e5 10.O-O Re8 11.Rd1 exd4 12.exd4 Nf8 13.Ne5 Qe7 14.f4 c5 15.Nb5 cxd4
16.Nxd6 Qxd6 17.c5 Qc7 18.Rxd4 Ne6 19.Rc4 Nd5 20.Bd3 Nf8 21.Bd2 Be6 22.Rb1 Ng6
23.Nxg6 hxg6 24.Ra4 Bf5 25.Bxf5 gxf5 26.Rd4 Rad8 27.Rd1 Nf6 28.Rxd8 Rxd8
29.Be3 Ne4 30.Rxd8+ Qxd8 31.h3 Qa5 32.Bf2 Qb4 33.Kh2 a5 34.g4 a4 35.gxf5 a3
36.Qd1 Nf6 37.Kg2 Qxf4 38.Qf3 Qb4 39.Qb3 Qe4+  1/2-1/2

[Event "ch-Paris"]
[Site "Paris FRA"]
[Date "2006.07.12"]
[Round "5"]
[White "Kazhgaleyev,M"]
[Black "Mullon,J"]
[Result "1-0"]
[WhiteElo "2606"]
[BlackElo "2375"]

1.d4 d5 2.c4 c6 3.Nc3 Nf6 4.e3 e6 5.Nf3 Nbd7 6.Qc2 Bd6 7.g4 dxc4 8.Bxc4 e5
9.g5 Nd5 10.Bd2 exd4 11.Qe4+ Qe7 12.Qxd4 Ne5 13.Nxe5 Qxe5 14.Qxe5+ Bxe5 15.Nxd5 cxd5
16.Bxd5 h6 17.f4 Bxb2 18.Rb1 Ba3 19.g6 fxg6 20.Rg1 a5 21.Bxb7 Bxb7 22.Rxb7 O-O
23.Rxg6 Rf7 24.Rgb6 Ra7 25.Rxa7 Rxa7 26.Rb5 a4 27.Ke2 Be7 28.Bc3 Rc7 29.Kd3 Kf7
30.Bd4 g6 31.Rb6 Rc1 32.e4 Rd1+ 33.Kc4 Rd2 34.e5 Bh4 35.e6+ Ke7 36.Bc5+ Kf6
37.e7+ Kf7 38.Re6  1-0

[Event "6th TCh-Euro u18"]
[Site "Balatonlelle HUN"]
[Date "2006.07.13"]
[Round "2"]
[White "Levin,Ev"]
[Black "Jurcik,Mart"]
[Result "1/2-1/2"]
[WhiteElo "2336"]
[BlackElo "2309"]

1.d4 d5 2.c4 e6 3.Nc3 c6 4.e3 Nf6 5.Nf3 Nbd7 6.Qc2 Bd6 7.Bd2 O-O 8.O-O-O e5
9.cxd5 cxd5 10.Nb5 Bb8 11.dxe5 Nxe5 12.Bc3 Qe7 13.Bd4 Rd8 14.Kb1 Bg4 15.Be2 a6
16.Nc3 b5 17.Nxe5 Bxe5 18.Bxg4 Nxg4 19.h3 Nf6 20.Qf5 Bxd4 21.Rxd4 Qc5 22.Rc1 Rac8
23.g4 Qc6 24.g5 Ne4 25.f3 g6 26.Qg4 Nxc3+ 27.Rxc3 Qe6 28.Rxc8 Rxc8 29.Rxd5 Qxd5
30.Qxc8+ Kg7 31.Qc3+ Kg8 32.f4 Qf5+ 33.Kc1 Qxh3 34.Qd4 Qe6 35.a3 Qc6+ 36.Kd2 Qc7
37.Qd5 Kg7 38.Kd3 h5 39.gxh6+ Kxh6 40.Qd4 Kh7 41.Qd5 Kg7 42.Qd4+  1/2-1/2

[Event "Aegean Open"]
[Site "Agios Kirikos GRE"]
[Date "2006.07.14"]
[Round "4"]
[White "David,Ed"]
[Black "Haddad,G"]
[Result "1-0"]
[WhiteElo "2192"]
[BlackElo "2071"]

1.d4 d5 2.Nf3 Nf6 3.c4 e6 4.Nc3 c6 5.e3 Bd6 6.Ne5 Nbd7 7.f4 dxc4 8.Bxc4 Nb6
9.Bd3 Bd7 10.O-O Qe7 11.a3 Nfd5 12.Ne4 Bc7 13.Nc5 Bxe5 14.fxe5 Bc8 15.Ne4 Kd8
16.Nd6 f6 17.Qh5 Rf8 18.Bxh7 Nd7 19.e4 N5b6 20.Bd2 c5 21.dxc5 Nxc5 22.exf6 gxf6
23.Qxc5 Nd7 24.Qh5 Qxd6 25.Bb4 Qb6+ 26.Kh1 Rh8 27.Ba5  1-0

[Event "5th Open"]
[Site "La Fere FRA"]
[Date "2006.07.14"]
[Round "9"]
[White "Bagaturov,G"]
[Black "Ly,An"]
[Result "1-0"]
[WhiteElo "2461"]
[BlackElo "2116"]

1.d4 d5 2.Nf3 Nf6 3.c4 e6 4.Nc3 c6 5.e3 Be7 6.Bd3 Nbd7 7.O-O O-O 8.Qe2 dxc4
9.Bxc4 c5 10.dxc5 Bxc5 11.e4 e5 12.a3 h6 13.b4 Bd6 14.Rd1 Qe7 15.Nb5 Bb8
16.Nh4 Kh8 17.Nf5 Qe8 18.Nbd6 Bxd6 19.Nxd6 Qe7 20.Nf5 Qe8 21.Rd6 g6 22.Bb5 a6
23.Bxd7 Nxd7 24.Qe3  1-0